33岡山県の市区町村 - Statistics

General Stats
  • This quiz has been taken 117 times
    112 since last reset
  • The average score is 17 of 30
Answer Stats
Answer % Correct
倉敷市
100%
岡山市北区
90%
岡山市東区
90%
岡山市南区
90%
岡山市中区
88%
津山市
88%
総社市
83%
新見市
81%
備前市
79%
瀬戸内市
74%
笠岡市
72%
玉野市
71%
美作市
68%
高梁市
67%
真庭市
65%
井原市
64%
赤磐市
64%
浅口市
63%
和気郡和気町
38%
浅口郡里庄町
33%
久米郡久米南町
33%
久米郡美咲町
33%
真庭郡新庄村
31%
英田郡西粟倉村
29%
都窪郡早島町
28%
勝田郡勝央町
28%
苫田郡鏡野町
24%
加賀郡吉備中央町
24%
勝田郡奈義町
22%
小田郡矢掛町
19%
No matching quizzes found
Score Distribution
Percent of People with Each Score
Percentile by Number Answered
Your Score History
You have not taken this quiz since the last reset